【プロ野球】 2026年 中日ドラゴンズ 応援歌 - Statistics

General Stats
  • This quiz has been taken 9 times
  • The average score is 22 of 25
Answer Stats
応援歌 選手名 % Correct
夢へ導く 希望の道をひたむきに前進 さあ歩み続けろ 岡林勇希
100%
走れグランドを全力で 夢追い人よ冴え渡る華麗なその姿 煌めけ鮮やかに 田中幹也
100%
球は伸びゆく永遠に 頂へ(〇〇)更なる高み 行け〇〇(〇〇) 高橋周平
100%
今この地で 歓声起こせよ〇!〇!〇!〇! 今日も頼むぜ カリステ
88%
共に行こう期待を背負い 時代を切り開く君のその姿に 鼓動を重ねて 村松開人
88%
試練を乗り越え 栄光ある戦士となる広角に打ち返せ 〇〇〇〇 福永裕基
88%
飛び出せ〇〇 疾風の如く その手でチャンスを 切り開け 大島洋平
88%
夢追い求め 奇跡呼ぶ要となれ 幾千の願い乗せて 光放て 石伊雄太
88%
左腕の系譜 受け継ぎ挑む この仲間と共に 夢の舞台へ 大野雄大
88%
この地で夢を叶えよう 揺るがぬハートで立ち向かえ闇夜を照らす 勝利への一撃 ボスラー
88%
昂る一打で 挑め戦え 振り抜け〇〇! 飛ばせ〇〇! 夢の放物線 昂る(オイ!)一打で(オイ!) 挑め戦え 石川昂弥
88%
オーオオー⋯ 覇道極める男 今だ魅せてやれ〇〇〇〇 その名響かせて いざ終わりなき道をゆく 根尾昂
88%
魅せろ今 勝利のため 己の道を信じて ゆけ〇〇 木下拓哉
88%
我らと未来へ 虹かけろ美しき世界を 君の手で 宇佐見真吾
88%
天に輝く想いが 導く運命宿した力見せる時 放て走れ叫べ ブライト健太
88%
さあ飛び立て 栄光の頂へ秘めた想い 今龍よ空へ舞い昇れ 土田龍空
88%
鍛えた技で 魅せろ力の限り 新たな時代へと 今スタート 阿部寿樹
88%
竜の力を纏い 輝く未来呼べ風切り裂き走る 誠知る男 上林誠知
88%
〇〇! 〇〇!轟く一打 燃ゆる気迫を胸に 猛打炸裂 遥か彼方強き一打 無限の空へ 細川成也
88%
さぁ今だ放て 熱き想い勝利への弾道を 描け〇〇 個別応援歌の無い選手
88%
海を越えて 夢を叶える勝利掴め 我らと共に ラーラララーラ ラララララーラ Let's Go Together Get The Victory 個別応援歌の無い外国人選手
88%
魂 ボールに込めて 立ち向かえ全力で今こそ我らを勝利へ 導け〇〇 ピッチャー
88%
闘志を燃やせ 気迫で守り抜け勝利の歓声 受けて羽ばたけ 加藤匠馬
75%
多才な技と 信じてきた道が 今輝きを放ち 歴史を刻む 山本泰寛
75%
一振りで 勝利の糸を手繰り寄せろ篝火の如くチームを 照らすホームラン 鵜飼航丞
75%
No matching quizzes found
Score Distribution
Percent of People with Each Score
Percentile by Number Answered
Your Score History
You have not taken this quiz